000 00436nam a2200169Ia 4500
008 230917s9999||||xx |||||||||||||| ||und||
020 _cRS 495.00
040 _e5012540
_aMAIN
041 _aEnglish
082 _aB R137A:R
100 _aAkhilesh
245 0 _aRaza: Jaisa maine dekha
260 _aNew Delhi
_bRajkamal Prakashan
_c2021
300 _a146 p.
500 _a4353 10/01/2022 PMI22/107 23/01/2022 Main Budget
942 _cBK
999 _c4366
_d4366